|
|
|
|
| LEADER |
00000nam a2200000 4500 |
| 001 |
vtls012125133 |
| 003 |
SK-MaSNL |
| 005 |
20260426020535.0 |
| 008 |
220225s2020 xo hoc grn 000 0dhun |
| 015 |
|
|
|a SNBA2023/03
|
| 020 |
|
|
|a 9788097382605
|q (viazané)
|
| 040 |
|
|
|a SNK
|b slo
|c SNK
|e rda
|
| 041 |
0 |
|
|a hun
|
| 043 |
|
|
|a e-xo---
|
| 044 |
|
|
|a xo
|c SK
|
| 072 |
|
7 |
|a 929
|x Biografie
|2 konspekt
|
| 080 |
|
|
|a 027.1
|2 2011
|
| 080 |
|
|
|a 930.85
|2 2011
|
| 080 |
|
|
|a 929-058.1
|2 2011
|
| 080 |
|
|
|a (437.612)
|2 2011
|
| 080 |
|
|
|a (0:82-32)
|2 2011
|
| 080 |
|
|
|a 929(092)
|2 2011
|
| 100 |
1 |
|
|a Oros, László,
|d 1952-
|4 aut
|9 583196
|
| 245 |
1 |
0 |
|a Felvidéki
|b portrék és történetek : irodalmi és művelődéstörténeti emlékek a felsőszeli Bibliotheca pro Patria magánkönyvtárban
|c Oros László
|
| 250 |
|
|
|a Első kiadás
|
| 264 |
|
1 |
|a Diószeg
|b ATID - Polgári Tásulás
|c 2020
|
| 300 |
|
|
|a 198 strán
|b faksimile, farebné fotografie, portréty
|c 22 cm
|
| 336 |
|
|
|a text
|b txt
|2 rdacontent
|
| 336 |
|
|
|a statický obraz
|b sti
|2 rdacontent
|
| 337 |
|
|
|a bez média
|b n
|2 rdamedia
|
| 338 |
|
|
|a zväzok
|b nc
|2 rdacarrier
|
| 366 |
|
|
|e 300 kusov
|
| 500 |
|
|
|a Obsahuje biografické údaje o autorovi
|
| 504 |
|
|
|a Bibliografia na strane 196
|
| 610 |
2 |
7 |
|a Bibliotheca Pro Patria ( Horné Saliby, Slovensko)
|2 SNKKA
|9 766982
|
| 650 |
0 |
7 |
|a súkromné knižnice
|2 SNKPH
|9 81622
|
| 650 |
0 |
7 |
|a kultúrne dejiny
|2 SNKPH
|9 4307
|
| 650 |
0 |
7 |
|a osobnosti
|2 SNKPH
|9 29820
|
| 650 |
0 |
7 |
|a Privat libraries
|2 SNKPHeng
|9 363731
|
| 650 |
0 |
7 |
|a Cultural history
|2 SNKPHeng
|9 267439
|
| 650 |
0 |
7 |
|a Celebrities
|2 SNKPHeng
|9 265203
|
| 651 |
|
7 |
|a Horné Saliby (Slovensko)
|2 SNKPHgeo
|9 74382
|
| 651 |
|
7 |
|a Horné Saliby (Slovakia)
|2 SNKPHeng
|9 327296
|
| 651 |
|
7 |
|a Slovensko
|2 SNKPHgeo
|9 14231
|
| 651 |
|
7 |
|a Slovakia
|2 SNKPHeng
|9 92630
|
| 655 |
|
7 |
|a príbehy
|2 SNKPH
|9 70507
|
| 655 |
|
7 |
|a Stories
|2 SNKPHeng
|9 265785
|
| 655 |
|
7 |
|a biografie
|2 SNKPH
|9 27965
|
| 655 |
|
7 |
|a Biography
|2 SNKPHeng
|9 266314
|
| 752 |
|
|
|a Slovensko
|d Sládkovičovo
|
| 919 |
|
|
|a 978-80-973826-0-5
|
| 954 |
|
|
|a odborná, vedecká literatúra cudzojazyčná (svetová)
|2 lita
|
| 958 |
|
|
|a NB
|
| 958 |
|
|
|a BC
|
| 999 |
|
|
|c 1214321
|d 1216251
|
| 952 |
|
|
|a SNK
|b SNK
|y PREZ
|7 0
|p 17A1479593
|o snkSC 196412
|i snk2022/2967
|8 0
|0 0
|1 0
|4 0
|d 2022-02-25
|l 0
|r 2025-10-16 00:00:00
|w 2026-02-24
|
| 952 |
|
|
|a SNK
|b SNK
|y VYP
|7 0
|p 17A1479594
|o snkSC 196412 D1
|i snk2022/2968
|8 0
|0 0
|1 0
|4 0
|d 2022-02-25
|l 0
|r 2026-02-24 23:23:54
|w 2026-02-24
|